| 000 | 00470nam a2200193Ia 4500 | ||
|---|---|---|---|
| 003 | OSt | ||
| 005 | 20230504104812.0 | ||
| 008 | 210423s2007 xx 000 0 und d | ||
| 040 | _cAL | ||
| 041 | _aeng | ||
| 082 |
_a574.8212 _223 _b RENS |
||
| 100 |
_aRENSHAW (S),Ed. _997526 |
||
| 245 | _aImmunohistochemistry. | ||
| 260 |
_aOxford _bScion Publishing Ltd _c2007 |
||
| 300 | _aviii,264 | ||
| 365 |
_b995 _cINR |
||
| 906 | _aImmunohistochemistry. | ||
| 942 |
_2ddc _cBK |
||
| 999 |
_c163540 _d163540 |
||